It looks like you're offline.
Open Library logo
additional options menu

MARC record from Internet Archive

LEADER: 00852cam 2200265 a 4500
001 0116403597580
005 19901206123842.9
008 890831s1990 inu b s00110 eng
010 $a 89045998
020 $a0253319072 (alk. paper)
020 $c14.95
035 $a(Sirsi) ACM-5743
035 00 $aJBC A96-0085$fcc$iLCMARC/AMY-4415/EWILSON
040 $aOPET$beng
046 $aDLC$cDLC$dDLC
050 00 $aPS3566.Y55$bZ64 1990
090 $aPS 3566 .Y55 Z64 1990$bj
100 10 $aEddins, Dwight,$d1939-
245 14 $aThe gnostic pynchon /$cDwight Eddins.
260 0 $aBloomington :$bIndiana University Press,$cc1990.
300 $axii, 173 p. ;$c24 cm.
504 $aIncludes bibliographical references (p. [163]-167 and index.
518 $a96 06 28
600 10 $aPynchon, Thomas$xCriticism and interpretation.
650 0 $aGnosticism in literature.